Представление документа в формате RUSMARC

ПолеНазваниеЗначение
  Тип записи a
  Библиографический уровень m
001 Контрольный номер UONB/MAIN/62e0058163f04bb0b1fbaccab6cd7d4b
005 Дата корректировки 20260409140956.5
010 Индекс ISBN __
d Цена 30 к.
9 Тираж 1000 экз.
100 Данные общей обработки __
a Данные общей обработки 20260409d1990 u y0rusy018902 ca
101 Язык документа 0_
a Язык текста rus
102 Страна публикации __
a Страна публикации RU
105 Кодированные данные (монография) __
a Кодированные данные (монография) a z 000zy
200 Заглавие и сведения об ответственности 1_
a Заглавие Ювелирное искусство этрусков
e Сведения, относящиеся к заглавию проспект выставки
f Первые сведения об ответственности Государственный Эрмитаж
g Последующие сведения об ответственности составитель И. И. Саверкина
203 Вид содержания и тип средства __
a Вид содержания Текст
b Характеристика содержания визуальный
c Тип средства непосредственный
210 Выходные данные 1_
a Место издания Ленинград
c Издательство б. и.
d Дата издания 1990
215 Физическое описание __
a Объем 15 с.
c Иллюстрации/тип воспроизводства ил.
d Формат 21 см
606 Тематические рубрики 0_
a Основная рубрика Ювелирное искусство древнее
610 Ключевые слова 0_
a Ключевые слова ювелирное искусство древнее; ювелирное искусство этрусков
686 Индексы других классификаций __
a Классификационный индекс 85.125.44
2 Код системы rubbk
702 Вторичная интеллектуальная ответственность _1
a Фамилия Саверкина
b Имя (инициалы) И. И.
4 Код отношения 220
712 Наименование организации (Вторичная ответственность) 02
a Организация/ юрисдикция Государственный Эрмитаж
4 Код отношения 570
801 Источник записи _0
a Страна RU
b Организация Ульяновская ОНБ
c Дата составления 20260409
g Правила каталогизации RCR
801 Источник записи _1
a Страна RU
b Организация Ульяновская ОНБ
c Дата составления 20260409
g Правила каталогизации RCR
901 Тип документа __
t Тип документа m
909 Создатель записи __
a Создатель записи Мартьянова
b Дата создания записи 20260409